[Event "Wch U14"]
[Site "Belfort"]
[Date "2005.07.25"]
[Round "7"]
[White "Hansen Cherstiouk, Alexei"]
[Black "Zhao, Nan"]
[Result "1/2-1/2"]
[WhiteElo "2019"]
[BlackElo "2276"]
[PlyCount "43"]
[EventDate "2005.07.??"]
[EventType "swiss"]
[EventRounds "11"]
[EventCountry "FRA"]
[SourceTitle "CBM 107 Extra"]
[Source "ChessBase"]
[SourceDate "2005.09.01"]
[SourceVersion "1"]
[SourceVersionDate "2005.09.01"]
[SourceQuality "1"]

1. e4 c5 2. Nf3 d6 3. d4 cxd4 4. Nxd4 Nf6 5. Nc3 a6 6. Bg5 e6 7. f4 Qb6 8. Qd2 Qxb2 9. Rb1 Qa3 10. f5 Nc6 11. fxe6 fxe6 12. Nxc6 bxc6 13. Be2 Be7 14. 0-0 0-0 15. Rb3 Qa5 16. Nd5 Qd8 17. Nxe7+ Qxe7 18. Rd3 Qa7+ 19. Be3 Qe7 20. Bg5 Qa7+ 21. Be3 Qe7 22. Bg5 1/2-1/2